| 000 | 01302nab a22002297a 4500 | ||
|---|---|---|---|
| 999 |
_c5283 _d5283 |
||
| 003 | OSt | ||
| 005 | 20250213125856.0 | ||
| 008 | 190604e xxu||||| |||| 00| 0 spa d | ||
| 040 | _cPJ | ||
| 100 |
_96080 _aFornetti, Omar Esteban |
||
| 245 | 1 | 0 |
_aAcerca de la necesidad de la regla de la carga de la prueba / _cOmar Esteban Fornetti. |
| 260 |
_aCiudad Autónoma de Buenos Aires : _bThomson Reuters La Ley, _c2025. |
||
| 300 | _ap. 16-24 | ||
| 500 | _aCita Online: LA LEY AR/DOC/2695/2024. | ||
| 505 | _aSumario: I. Una historia breve.— II. Introducción.— III. Breves consideraciones.— IV. Los sistemas de "carga de la prueba".— V. La importancia de la regla objetiva.— VI. La carga de la prueba como regla de juicio.— VII. La carga de la prueba como regla de conducta de las partes en el proceso.— VIII. La regla de la carga de la prueba como guía para la "teoría del caso".— IX. Conclusiones. | ||
| 505 | _t¿Te interesa el texto completo? Solicitalo al correo: koha@justierradelfuego.gov.ar | ||
| 650 | 0 |
_aDERECHO PROCESAL _9267 |
|
| 650 | 0 |
_aPRUEBA _91975 |
|
| 650 | 0 |
_aCARGA DE LA PRUEBA _93927 |
|
| 773 | 0 |
_02714 _93171 _dCiudad Autónoma de Buenos Aires : Thomson Reuters La Ley, 2014- _tRevista anales de legislación argentina. Nº 2 - Febrero 2025. |
|
| 942 |
_2udc _cANA |
||